| Registos Bibliográficos associados ao registo de autoridade |
|
Etiqueta de registo: 00254nkm 2200109 450 001 2288070 003 http://id.bnportugal.gov.pt/bib/catbnp/2288070 100 ## $a20260617d1996 am y0pory01030103ba 101 0# $apor 102 ## $aPT 200 1# $aAndebol, IX Torneio Int. "Vila de Caminha", Pavilhão Desportivo Municipal de V.P.
Âncora, 25 a 28 de abril 1996$bVisual gráfico]$forganização: Câmara Municipal Caminha e Clube Andebol de Caminha$gdesign Atelier Ruicunha 210 #9 $aCaminha$cCâmara Municipal Caminha$cClube Andebol de Caminha,$d1996$e[S.l.] :$gGutenberg) 215 ## $a1 cartaz$ccolor.$d69,2x25 cm 675 ## $a796.32(469.111)"1996"(084.5)$vBN$zpor$32000820 675 ## $a766(=1:469)"199"(084.5)$vBN$zpor$3589138 710 12 $aTorneio Internacional de Andebol "Vila de Caminha",$d9,$f1996$32000821 712 01 $aCaminha.$bCâmara Municipal$4557$3116960 712 02 $aClube Andebol de Caminha$4557$3166901 712 02 $aAtelier Ruicunha Design$4410$3216005 801 #0 $aPT$bBN$gRPC 966 ## $lBN$mICONOG$sCT. 25864 A.$x1 971 ## $ctoliveira$d20260617
|
|
|